Journal of Infrastructure, Policy and Development

Salvato in:
Dettagli Bibliografici
Natura: Periodico
Lingua:inglese
Pubblicazione: El Monte EnPress Publisher
Tags: Aggiungi Tag
Nessun Tag, puoi essere il primo ad aggiungerne!!

MARC

LEADER 00000nas1a2200000 4500
001 0304358
005 20250701092136.6
022 |a 2572-7923 
022 |a 2572-7931 
041 0 |a eng 
044 |a US 
245 1 0 |a Journal of Infrastructure, Policy and Development 
264 1 |a El Monte  |b EnPress Publisher 
500 |a Od roku 2024 je časopis vyradený z databázy Scopus